| 000 | 01342nam a2200337 c 4500 | ||
|---|---|---|---|
| 001 | 20429 | ||
| 003 | ES-MaCES | ||
| 005 | 20141221122649.0 | ||
| 008 | 070810s2007 sp d 000 | spa d | ||
| 035 | _aCES20070009908m | ||
| 040 |
_aES-MaCES _bspa _cES-MaCES |
||
| 245 | 0 | 0 |
_aEconomía española y contexto internacional _b: informe semestral, I-2007 _celaborado por el Servicio de Estudios de Caixa Catalunya, con la colaboración del equipo de investigación del Departamento de Economía Aplicada de la UAB, dirigido por Josep Oliver Alonso |
| 260 |
_a[Barcelona] _bCaixa Catalunya _c2007 |
||
| 300 |
_a102 p. _bgráf. bl. y n. _c30 cm |
||
| 541 | _cGratuito | ||
| 650 | 4 |
_acondiciones económicas _927081 |
|
| 650 | 4 |
_aindicador económico _927073 |
|
| 650 | 4 |
_amercado financiero _928150 |
|
| 650 | 4 |
_aEspaña _926964 |
|
| 650 | 4 |
_ainternacional _926674 |
|
| 650 | 4 |
_a2007 _931880 |
|
| 650 | 4 |
_ainforme _928986 |
|
| 653 | 1 | 0 | _aCondiciones económicas |
| 700 | 1 |
_aOliver Alonso, Josep _edir. _919929 |
|
| 710 | 2 |
_aUniversidad Autónoma de Barcelona _bDepartamento de Economía Aplicada _ecol. _95187 |
|
| 710 | 2 |
_aCaixa Catalunya _91681 |
|
| 787 | 0 |
_tEconomía española y contexto internacional _w(ES-MaCES)19330 |
|
| 902 | _aDOC Literatura gris | ||
| 942 |
_2CES _cBK _h0.0. |
||
| 999 |
_c20429 _d20429 |
||